All Districts (SLS) of Malawi on a Map - Statistics

General Stats
  • This quiz has been taken 80 times
  • The average score is 17 of 29
Answers on the Map
Answers color-coded by a green-red scale on the quiz's map according to % correct below.
 
Answer Stats
Region District % Correct
Central Lilongwe
100%
Southern Blantyre
85%
Central Dedza
70%
Northern Likoma
65%
null Likoma
65%
Southern Mulanje
65%
Southern Balaka
60%
Northern Chitipa
60%
Central Dowa
60%
Northern Karonga
60%
Central Kasungu
60%
Southern Mangochi
60%
Northern Nkhata Bay
60%
Central Ntcheu
60%
Southern Thyolo
60%
Southern Zomba
60%
Central Mchinji
55%
Northern Mzimba
55%
Southern Neno
55%
Central Nkhotakota
55%
Central Ntchisi
55%
Northern Rumphi
55%
Central Salima
55%
Southern Chikwawa
50%
Southern Chiradzulu
50%
Southern Machinga
50%
Southern Mwanza
50%
Southern Nsanje
50%
Southern Phalombe
50%
No matching quizzes found
Score Distribution
Percent of People with Each Score
Percentile by Number Answered
Your Score History
You have not taken this quiz